000 03883nam a2200421 i 4500
001 xb24372067
006 m d
007 cr n
008 161213t20162016enka sb 001 0 eng d
020 _a9781783742554
_q(pdf)
020 _a9781783742561
_q(epub)
020 _a9781783742578
_q(mobi)
020 _z9781783742530 (pbk.)
020 _z9781783742547 (hbk.)
035 _a(OCoLC)978440979
040 _aStSaUL
_beng
_erda
245 0 0 _aVertical readings in Dante's Comedy
_h[electronic resource] .
_nVolume 2 /
_cedited by George Corbett and Heather Webb.
264 1 _bOpen Book Publishers,
300 _a1 online resource (xiv, 290 pages) :
_billustrations.
500 _aAvailable through Open Book Publishers.
504 _aIncludes bibliography (pages 259-279) and index.
505 0 _aAcknowledgements -- Editions Followed and Abbreviations -- Notes on the Contributors -- Introduction / George Corbett and Heather Webb -- 12. Centaurs, Spiders and Saints / Christian Moevs -- 13. 'Would you Adam and Eve it?' / Robert Wilson -- 14. The Patterning of History: Poetry, Politics and Adamic Renewal / Catherine M. Keen -- 15. Dante's Fatherlands / Simone Marchesi -- 16. Politics of Desire / Manuele Gragnolati -- 17. Seductive Lies, Unpalatable Truths, Alter Egos / Tristan Kay -- 18. Women, War and Wisdom / Anne C. Leone --19. Inside Out / Ambrogio Camozzi Pistoja -- 20. Prediction, Prophecy and Predestination: Eternalising Poetry in the Commedia / Claudia Rossignoli -- 21. God's Beloved: From Pitch, Through Script, to Writ / Corinna Salvadori Lonergan -- 22. Truth, Autobiography and the Poetry of Salvation / Giuseppe Ledda -- Bibliography -- Index of Names.
506 _aOpen access resource providing free access.
520 _a"Vertical Readings in Dante's Comedy is a reappraisal of the poem by an international team of thirty-four scholars. Each vertical reading analyses three same-numbered cantos from the three canticles: Inferno i, Purgatorio i and Paradiso i; Inferno ii, Purgatorio ii and Paradiso ii; etc. Although scholars have suggested before that there are correspondences between same-numbered cantos that beg to be explored, this is the first time that the approach has been pursued in a systematic fashion across the poem. This collection - to be issued in three volumes - offers an unprecedented repertoire of vertical readings for the whole poem. As the first volume exemplifies, vertical reading not only articulates unexamined connections between the three canticles but also unlocks engaging new ways to enter into core concerns of the poem. The three volumes thereby provide an indispensable resource for scholars, students and enthusiasts of Dante. The volume has its origin in a series of thirty-three public lectures held in Trinity College, the University of Cambridge (2012-2016) which can be accessed at the Cambridge Vertical Readings in Dante's Comedy website."--Publisher's website.
538 _aMode of access: World Wide Web.
540 _aThis work is licensed under a Creative Commons Attribution 4.0 International license (CC BY 4.0). For more detailed information consult the publisher's website.
600 0 0 _aDante Alighieri,
_d1265-1321.
_tDivina commedia
_xCriticism and interpretation.
600 0 0 _aDante Alighieri,
_d1265-1321.
_tDivina commedia
_xCriticism, Textual.
700 1 _aCorbett, George,
_eeditor.
700 1 _aWebb, Heather,
_d1976-
_eeditor.
710 2 _aOpen Book Publishers,
_epublisher.
856 4 0 _uhttp://doi.org/10.11647/OBP.0100
_zConnect to e-book
856 4 2 _uhttp://www.openbookpublishers.com/shopimages/products/cover/499
_zConnect to cover image
999 _c29244
_d29244